The Prophet / (Record no. 899)

000 -LEADER
fixed length control field 00510nam a2200205 a 4500
008 - FIXED-LENGTH DATA ELEMENTS--GENERAL INFORMATION
fixed length control field 191107r19882012ii a|||g |||| 00| 0 eng d
020 ## - INTERNATIONAL STANDARD BOOK NUMBER
International Standard Book Number 817224097X
Terms of availability Rs. 85.00
040 ## - CATALOGING SOURCE
Original cataloging agency IMU Kochi Library
Language of cataloging eng
041 0# - LANGUAGE CODE
Language code of text/sound track or separate title eng
044 ## - COUNTRY OF PUBLISHING/PRODUCING ENTITY CODE
MARC country code India
082 04 - DEWEY DECIMAL CLASSIFICATION NUMBER
Edition number 23
Classification number 811.52
Item number G356
100 1# - MAIN ENTRY--PERSONAL NAME
Personal name Gibran, Khalil
245 10 - TITLE STATEMENT
Title The Prophet /
260 ## - PUBLICATION, DISTRIBUTION, ETC. (IMPRINT)
Place of publication, distribution, etc Mumbai :
Name of publisher, distributor, etc Jaico Publishing House ,
Date of publication, distribution, etc 1988, reprinted 2012
300 ## - PHYSICAL DESCRIPTION
Extent 113 p. :
Other physical details ill. ;
Dimensions 18 cm.
650 #0 - SUBJECT ADDED ENTRY--TOPICAL TERM
Topical term or geographic name as entry element Life
852 ## - LOCATION/CALL NUMBER
Location IMU Kochi Library
904 ## - LOCAL DATA ELEMENT D, LDD (RLIN)
CATALOGER Akhil Bose
942 ## - ADDED ENTRY ELEMENTS (KOHA)
Item type Books
Holdings
Withdrawn status Lost status Source of classification or shelving scheme Damaged status Not for loan Collection code Permanent location Current location Shelving location Date acquired Source of acquisition Cost, normal purchase price Total Checkouts Total Renewals Full call number Barcode Date last seen Date last borrowed Koha item type Public note
          Non-fiction IMU Kochi Library IMU Kochi Library Fiction & General 2013-03-06 M/s Gemini Book House (Inv. No.76 dt. 2013-02-18) 85.00 10 2 811.52 G356 BK002243 2026-02-16 2026-01-29 Books Shelf-19, Row-1


Copyright © All Rights Reserved by Indian Maritime University, Kochi Campus.
For any Suggestions/Query Contact to library or Email: library.kochi@imu.ac.in Ph:(0484)-2989402
(Web OPAC Designed by Rudra Ranjan. Maintained by IMU Kochi Library)

Powered by Koha